Internet as the new mass media - traditional and new forms of internet advertisement
Guardado en:
| Autor principal: | |
|---|---|
| Otros Autores: | |
| Formato: | Capítulo de libro |
| Lenguaje: | inglés |
| Etiquetas: |
Sin Etiquetas, Sea el primero en etiquetar este registro!
|
MARC
| LEADER | 00000naa$a2200000$$$4500 | ||
|---|---|---|---|
| 001 | 0226994 | ||
| 005 | 20240502073736.2 | ||
| 041 | 0 | |a eng | |
| 044 | |a SK | ||
| 245 | 1 | 0 | |a Internet as the new mass media - traditional and new forms of internet advertisement |c František Pollák, Peter Dorčák |
| 100 | 1 | |a Pollák, František, 1985- | |
| 700 | 1 | |a Dorčák, Peter, 1979- | |